00575nam a2200181Ia 4500003000900000008004100009020001800050040001600068080002300084245009100107260003700198300001300235490005100248650002600299650001700325700002700342700002400369IN-BaIIA211028s9999 xx 000 0 eng d a0-7923-6946-7 cIIA Library a52(082.1)bASS-261 0aCollisional processes in the solar systemcedited by Mikhail Ya Marov and Hans Rickman aDordrechtbKluwer Academicc2001 ax, 357p. aAstrophysics and space science library; v. 261 aCollisional processes aSolar system aMarov, Mikhail Ya, ed. aRickman, Hans., ed.